• 首页
  • 本馆介绍
  • 公告通知
  • 最新文献
  • 馆藏检索
  • 电子资源
  • 读者导购
  • 参考咨询
  • 我的图书馆
  • 登录
  • 详细信息显示
  • 放入我的书架
  • 预约/预借图书
  • 作者相关作品
  • 分类相关作品
  • 丛书相关作品
  • 出版社相关作品

书目信息

  • 表格格式
  • 工作单格式
  • 卡片格式
题名:
轻松学尤克里里
    
 
作者: 李成福 编著
分册:  
出版信息: 武汉   长江文艺出版社  2020.1
页数: 162页
开本: 30cm
丛书名: 刘传风华系列丛书
单 册:
中图分类: J623.96
科图分类:
主题词: 尤克利利--奏法
电子资源:
ISBN: 978-7-5354-8115-3
000 00991nam0 2200265 45
001 012001001881
005 20141011163649.0
010    @a978-7-5354-8115-3@dCNY32.00
100    @a20171013d2017 em y0chiy50 ea
101 0  @achi
102    @aCN@b420000
105    @aag z 000yy
106    @ar
200 1  @a轻松学尤克里里@Aqing song xue you ke li li@b专著@f李成福编著
210    @a武汉@c长江文艺出版社@d2020.1
215    @a162页@c图@d30cm@e1光盘
225 1  @a刘传风华系列丛书
307    @a附光盘:ISBN 978-7-88777-060-8
330    @a本书内容包括:尤克里里的持琴姿势、尤克里里的调弦法、认识乐谱、右手拨弦练习、左手基础练习、C调单音乐曲练习、C调和弦练习、C调初级弹唱练习(一)、分解和弦练习、C调初级弹唱练习(二)、F调音阶与和弦、F调弹唱练习、G调音阶与和弦、尤克里里常用技巧等。
461  0 @12001 @a刘传风华系列丛书
606 0  @a尤克利利@x奏法
690    @aJ623.96@v5
701  0 @a李成福@Ali cheng fu@4编著
801  2 @aCN@b江苏凤凰@c20211018
905    @b1346083-6@dJ623.96@e592@f4
    
    轻松学尤克里里/李成福编著.-武汉:长江文艺出版社,2020.1
    162页:图;30cm+1光盘.-(刘传风华系列丛书)
    
    
    ISBN 978-7-5354-8115-3:CNY32.00
    本书内容包括:尤克里里的持琴姿势、尤克里里的调弦法、认识乐谱、右手拨弦练习、左手基础练习、C调单音乐曲练习、C调和弦练习、C调初级弹唱练习(一)、分解和弦练习、C调初级弹唱练习(二)、F调音阶与和弦、F调弹唱练习、G调音阶与和弦、尤克里里常用技巧等。
●
相关链接 在E读中查询图书 在五车中查询图书 在当当中查询图书 在豆瓣中查询图书


正题名:轻松学尤克里里     索取号:J623.96/592         预约/预借

序号 登录号 条形码 馆藏地/架位号 状态 备注
1 1346083   213460832   第一样本阅览室/ [索取号:J623.96/592] 在馆    
2 1346084   213460841   第一借阅区/ [索取号:J623.96/592] 在馆    
3 1346085   213460850   第一借阅区/ [索取号:J623.96/592] 在馆    
4 1346086   213460869   第一借阅区/ [索取号:J623.96/592] 在馆    
唐山师范学院图书馆 欢迎您!
大连网信软件有限公司© 版权所有